| 000 | 00766nas a2200265 4500 | ||
|---|---|---|---|
| 001 | BR0803918 | ||
| 003 | BR-BrBNA | ||
| 005 | 20231205112352.0 | ||
| 007 | ta | ||
| 008 | 230509b bl.|||p| |||| 00| 00por d | ||
| 040 |
_aBR-BrBNA _bpor _cBiblioteca Nacional de Agricultura |
||
| 041 | _a(Pt) | ||
| 072 | _aF02 | ||
| 100 | 1 | _aSilva, A.B. da | |
| 100 | 1 | _aPasqual, M. | |
| 100 | 1 | _aTeixeira, J.B. | |
| 100 | 1 | _aAraújo, A.G. de | |
| 245 | 1 | _aMétodos de micropropagação de abacaxizeiro | |
| 650 | _aABACAXI | ||
| 650 | _aMICROPROPAGAÇÃO | ||
| 650 | _aIMERSÃO | ||
| 773 | 0 |
_tPesquisa Agropecuária Brasileira (Brazil) _xISSN 0100-204X _g(Sep 2007), v. 42(9) p. 1257-1260 _wBR0803918 |
|
| 909 |
_a202311 _bLúcia _c55 _dLúcia Elande |
||
| 942 |
_2AGRIS _n0 _cANA |
||
| 999 |
_c197672 _d197672 |
||